000
00307nam a22001217a 4500
020
_a
8122415180
082
_2
22
_a
621.3692
100
_a
De, Anuradha.
245
_a
Optical fibre and laser /
260
_a
New Delhi,
_b
Scitech publication,
_c
c2004.
300
_a
xiv, 281 p. ;
_b
ill. ;
_c
24 cm.
942
_2
ddc
_c
EE
999
_c
437
_d
437